Countries by Natural Disasters/Hazards - Statistics

General Stats
  • This quiz has been taken 525 times
    171 since last reset
  • The average score is 11 of 20
Answer Stats
Natural Hazards Country % Correct
San Miguel de Tucuman and Mendoza areas in the Andes subject to earthquakes; pamperos are violent windstorms that can strike the pampas and northeast Argentina
85%
Cyclones along the coast; severe droughts; bushfires Australia
82%
Continuous permafrost in north is a serious obstacle to development; cyclonic storms form east of the Rocky Mountains, a result of the mixing of air masses from the Arctic, Pacific, and North American interior, and produce most of the country's rain and snow east of the mountains Canada
82%
Violent storms from the Himalayas are the source of the country's name, which translates as Land of the Thunder Dragon; frequent landslides during the rainy season Bhutan
81%
Damaging earthquakes occur in Hindu Kush mountains; flooding; droughts Afghanistan
76%
Permafrost over much of the vast eastern regions is a major impediment to development; volcanic activity in the Kuril Islands; volcanoes and earthquakes on the Kamchatka Peninsula; Russia
61%
Droughts; cyclones; much of the country routinely inundated during the summer monsoon season Bangladesh
59%
Tsunamis along the Pacific coast, volcanoes and destructive earthquakes in the center and south, and hurricanes on the Pacific, Gulf, and Caribbean coasts Mexico
59%
Many dormant and some active volcanoes; about 1,500 seismic occurrences (mostly tremors) every year; tsunamis; typhoons Japan
56%
Occasional typhoons (May to January); extensive flooding, especially in the Mekong River delta Vietnam
54%
About five typhoons per year along southern and eastern coasts; damaging floods; tsunamis; earthquakes; droughts; land subsidence China
50%
Flooding is a threat in some areas of the country (e.g., parts of the mainland peninsula, along the southern coast of the island of Lolland) that are protected from the sea by a system of dikes Denmark
49%
Dust-laden harmattan haze common during dry seasons; recurring droughts; occasional Niger River flooding Mali
45%
Geologically active Great Rift Valley susceptible to earthquakes, volcanic eruptions; frequent droughts Ethiopia
42%
Ice floes in the surrounding waters, especially in the Gulf of Bothnia, can interfere with maritime traffic Sweden
42%
Periodic droughts; the volcanic Virunga mountains are in the northwest along the border with Democratic Republic of the Congo Rwanda
39%
Astride typhoon belt, usually affected by 15 and struck by five to six cyclonic storms per year; landslides; active volcanoes; destructive earthquakes; tsunamis Philippines
37%
Volcanic activity with periodic releases of poisonous gases from Lake Nyos and Lake Monoun volcanoes Cameroon
31%
Hot, dry, dust-laden ghibli is a southern wind lasting one to four days in spring and fall; dust storms, sandstorms Libya
23%
Known as the "Land of Volcanoes"; also extremely susceptible to hurricanes El Salvador
18%
No matching quizzes found
Score Distribution
Percent of People with Each Score
Percentile by Number Answered
Your Score History
You have not taken this quiz since the last reset